Les Colombes du Roi-Soleil - Statistiques

Statistiques générales
  • Ce quiz a été pris 14 fois
  • Le résultat moyen est 7 sur 10
Statistiques - réponses
% Correct
2 Le secret de Louise
100%
8 Gertrude et le Nouveau Monde
73%
5 Le rêve d' Isabeau
73%
9 Olympe , comédienne
73%
10 Adélaïde et le prince noir
64%
3 Charlotte , la rebelle
64%
6 Éléonore et l'alchimiste
64%
7 Un corsaire nommé Henriette
64%
4 La promesse d' Hortense
64%
11 Jeanne , parfumeur du Roi
64%
Aucun quiz correspondant
Distribution des résultats
% des personnes avec chaque résultat
Percentile par nombre de réponses
Votre historique - résultats
Vous n’avez pas pris ce quiz